000 00229nam a2200097Ia 4500
100 _aYazdani, G
245 _aEarly history of the Deccan /
_cby G Yazdani
260 _c1960.
_aNew York :
_bOxford,
300 _a855p. :
942 _cGEN
999 _c23287
_d23287